000 00681nam a2200193 a 4500
005 20210223124933.0
008 030514s1995 mx r 000 0 spa d
020 _a847278164X
035 _aUPN01000124103
049 _aCG
050 4 _aPC4410
_bM3.4
100 1 _aMartínez Agulla, J. Luis
245 1 0 _aLeer, comprender, crear :
_bejercicios para desarrollar la atención, el razonamiento y la imaginación en el alumno de 12 a 16 años /
_cJ. Luis Martínez Agulla.
260 _aMadrid :
_bICCE,
_c[1995].
300 _a144 p. :
_bil.
650 4 _aESPAÑOL -
_xCOMPOSICION Y EJERCICIOS
_96152
650 4 _aESCRITURA CREATIVA -
_xESTUDIO Y ENSEÑANZA
_920991
905 _aLibro
999 _c96282
_d96282